[Event "Vukovar Srijem CupT 6th"]
[Site "Tompojevci"]
[Date "2013.03.09"]
[Round "2.4"]
[White "Grubisic, Ivica"]
[Black "Vidackovic, Branko"]
[Result "0-1"]
[WhiteElo "1893"]
[BlackElo "1999"]
[PlyCount "78"]
[EventDate "2013.03.08"]
[EventType "team-swiss"]
[EventRounds "5"]
[EventCountry "CRO"]
[SourceTitle "EXT 2014"]
[Source "ChessBase"]
[SourceDate "2013.11.20"]
[SourceVersion "1"]
[SourceVersionDate "2013.11.20"]
[SourceQuality "1"]
[WhiteTeam "Komletinci"]
[BlackTeam "Bosnjaci"]
[WhiteTeamCountry "CRO"]
[BlackTeamCountry "CRO"]

1. e4 d5 2. exd5 Qxd5 3. d4 Bf5 4. Be3 e6 5. Nd2 Nf6 6. h3 Be7 7. Ngf3 Nc6 8. Bc4 Qd8 9. c3 Nd5 10. 0-0 0-0 11. Qe2 h6 12. Rae1 a6 13. a4 Nb6 14. Bb3 Na5 15. Bd1 c5 16. Ne5 f6 17. Nec4 Nbxc4 18. Nxc4 Nxc4 19. Qxc4 cxd4 20. Bxd4 Kh8 21. g4 Bg6 22. Qxe6 Re8 23. Re3 Qc7 24. Qd5 Rad8 25. Qg2 Bd6 26. Rfe1 Rxe3 27. Rxe3 Be5 28. Bf3 Bxd4 29. cxd4 Rxd4 30. b3 b5 31. axb5 axb5 32. Qf1 b4 33. Qe1 Qd8 34. Kg2 Kh7 35. Kg3 Qd6+ 36. Kg2 Qf4 37. Bc6 f5 38. Rg3 Qd6 39. Bf3 f4 0-1

[Event "Treber Memorial 3rd"]
[Site "Vinkovci"]
[Date "2006.05.29"]
[Round "7.12"]
[White "Vidackovic, Branko"]
[Black "Djermic, Ivan"]
[Result "1-0"]
[WhiteElo "1993"]
[BlackElo "2143"]
[PlyCount "57"]
[EventDate "2006.05.22"]
[EventType "swiss"]
[EventRounds "7"]
[EventCountry "CRO"]
[SourceTitle "CBM 112 Extra"]
[Source "ChessBase"]
[SourceDate "2006.07.14"]
[SourceVersion "1"]
[SourceVersionDate "2006.07.14"]
[SourceQuality "1"]

1. d4 d5 2. c4 dxc4 3. e3 c6 4. Bxc4 e6 5. Nf3 Bd6 6. Nc3 Nf6 7. 0-0 0-0 8. a4 Nbd7 9. h3 a5 10. e4 Be7 11. Bf4 b6 12. Re1 Bb7 13. Qb3 h6 14. Rad1 Re8 15. Ne5 Bb4 16. f3 Qc8 17. Nd3 c5 18. Nxb4 axb4 19. Nb5 Qc6 20. Nc7 cxd4 21. Bb5 Qc5 22. Nxa8 Bxa8 23. e5 Nd5 24. Bxd7 Rd8 25. Rc1 Qe7 26. Bc6 Bxc6 27. Rxc6 Nxf4 28. Rxb6 Qh4 29. Re4 1-0

[Event "Vukovar VSZ-ch"]
[Site "Vukovar"]
[Date "2005.07.29"]
[Round "1"]
[White "Jovanovic, Zoran"]
[Black "Vidackovic, Branko"]
[Result "1-0"]
[WhiteElo "2482"]
[BlackElo "2006"]
[PlyCount "85"]
[EventDate "2005.07.29"]
[EventType "swiss"]
[EventRounds "9"]
[EventCountry "CRO"]
[SourceTitle "CBM 107 Extra"]
[Source "ChessBase"]
[SourceDate "2005.09.01"]
[SourceVersion "1"]
[SourceVersionDate "2005.09.01"]
[SourceQuality "1"]

1. e4 d5 2. exd5 Qxd5 3. Nc3 Qd6 4. d4 a6 5. Nf3 Bg4 6. h3 Bxf3 7. Qxf3 Nc6 8. Be3 Nf6 9. 0-0-0 0-0-0 10. d5 Ne5 11. Qf5+ e6 12. dxe6 Qxe6 13. Qxe6+ fxe6 14. Rxd8+ Kxd8 15. f4 Nc6 16. Bc4 e5 17. f5 Bd6 18. g4 h6 19. Rd1 Kc8 20. Nd5 Nxd5 21. Bxd5 Ne7 22. Be6+ Kb8 23. c4 b6 24. Bxb6 Nc6 25. Be3 Rd8 26. Bd5 Nb4 27. a3 Nxd5 28. Rxd5 Be7 29. Rxd8+ Bxd8 30. Kc2 Kb7 31. Kd3 Kc6 32. Ke4 Bf6 33. Bd2 Kd6 34. Bc3 Kc5 35. b3 Kd6 36. Bxe5+ Bxe5 37. c5+ Kxc5 38. Kxe5 a5 39. h4 Kb5 40. g5 hxg5 41. hxg5 c5 42. f6 gxf6+ 43. gxf6 1-0